[Event "Medellin Sub zt 2.3.2"]
[Site "Medellin"]
[Date "2025.04.18"]
[Round "7"]
[White "Munoz, Julian Andres"]
[Black "Pilonieta Forero, Andres Felipe"]
[Result "0-1"]
[WhiteElo "2058"]
[BlackElo "1874"]
[PlyCount "112"]
[EventDate "2025.04.14"]
[EventType "swiss"]
[EventRounds "9"]
[EventCountry "COL"]
[SourceTitle "CB18_2025"]
[SourceDate "2025.04.30"]
[SourceVersion "1"]
[SourceVersionDate "2025.04.30"]
[SourceQuality "1"]

1. d4 d5 2. Nf3 Nf6 3. e3 c5 4. b3 cxd4 5. exd4 Nc6 6. Bb2 Bf5 7. Nbd2 e6 8. a3 Be7 9. Be2 h6 10. 0-0 0-0 11. c4 dxc4 12. bxc4 Ne4 13. Nxe4 Bxe4 14. Qd2 Bf6 15. Rfd1 Na5 16. Qe3 Bh7 17. Ne5 Qb6 18. Bc3 Rfd8 19. f4 Rac8 20. c5 Qb3 21. Bd3 Bxe5 22. Bxh7+ Kxh7 23. fxe5 Nc6 24. Rf1 Rd7 25. Rf3 Qc4 26. Rd1 b6 27. Rdf1 Kg8 28. cxb6 axb6 29. d5 Qxd5 30. Qxb6 Nxe5 31. Rg3 Qc5+ 32. Qxc5 Rxc5 33. Re1 Rdd5 34. Bb4 Rc2 35. Be7 Ng6 36. Bb4 Nf4 37. Kh1 Nd3 38. Rf1 Rf5 39. Ra1 Ra2 40. Rb1 Nxb4 41. axb4 Rb2 42. Ra1 Rxb4 43. h3 Rf2 44. Ra8+ Kh7 45. Ra7 Rbb2 46. Re7 Rbe2 47. Kg1 g6 48. Ra7 h5 49. Kh1 e5 50. Re7 Kg7 51. Kg1 Kf6 52. Re8 Kf5 53. Re7 f6 54. Kh1 g5 55. Ra7 h4 56. Rg4 Rf1+ 0-1

[Event "Medellin Sub zt 2.3.2"]
[Site "Medellin"]
[Date "2025.04.17"]
[Round "6"]
[White "Martinez Serna, Juan Esteban"]
[Black "Munoz, Julian Andres"]
[Result "1-0"]
[WhiteElo "1943"]
[BlackElo "2058"]
[PlyCount "34"]
[EventDate "2025.04.14"]
[EventType "swiss"]
[EventRounds "9"]
[EventCountry "COL"]
[SourceTitle "CB18_2025"]
[SourceDate "2025.04.30"]
[SourceVersion "1"]
[SourceVersionDate "2025.04.30"]
[SourceQuality "1"]

1. d4 f5 2. c4 Nf6 3. g3 e6 4. Bg2 d5 5. Nf3 Be7 6. 0-0 0-0 7. b3 c6 8. Ba3 Bxa3 9. Nxa3 Nbd7 10. Nb1 Ne4 11. Qc2 Qf6 12. Nc3 Rf7 13. Rad1 g5 14. Ne1 Nf8 15. f3 Nd6 16. e4 dxe4 17. fxe4 Qg7 1-0

[Event "Medellin Sub zt 2.3.2"]
[Site "Medellin"]
[Date "2025.04.16"]
[Round "4"]
[White "Silva Alvarez, Matias"]
[Black "Munoz, Julian Andres"]
[Result "0-1"]
[WhiteElo "1658"]
[BlackElo "2058"]
[PlyCount "46"]
[EventDate "2025.04.14"]
[EventType "swiss"]
[EventRounds "9"]
[EventCountry "COL"]
[SourceTitle "CB18_2025"]
[SourceDate "2025.04.30"]
[SourceVersion "1"]
[SourceVersionDate "2025.04.30"]
[SourceQuality "1"]

1. e4 c5 2. Nf3 Nc6 3. c3 d5 4. exd5 Qxd5 5. d4 Nf6 6. Be3 cxd4 7. cxd4 Bf5 8. Nc3 Qa5 9. a3 e6 10. Qd2 Be7 11. Ne5 Nxe5 12. dxe5 Qxe5 13. Bb5+ Kf8 14. 0-0 a6 15. Ba4 Rd8 16. Qc1 b5 17. Bc2 Bxc2 18. Qxc2 Ng4 19. g3 Nxe3 20. fxe3 Qxe3+ 21. Kh1 Rd2 22. Qb3 Qh6 23. h4 Bxh4 0-1

[Event "Medellin Sub zt 2.3.2"]
[Site "Medellin"]
[Date "2025.04.14"]
[Round "1"]
[White "Munoz, Julian Andres"]
[Black "Muniz Matta, Carlos A"]
[Result "0-1"]
[WhiteElo "2058"]
[BlackElo "1778"]
[PlyCount "79"]
[EventDate "2025.04.14"]
[EventType "swiss"]
[EventRounds "9"]
[EventCountry "COL"]
[SourceTitle "CB18_2025"]
[SourceDate "2025.04.30"]
[SourceVersion "1"]
[SourceVersionDate "2025.04.30"]
[SourceQuality "1"]

1. d4 Nf6 2. Nf3 d5 3. e3 e6 4. Bd3 Bd6 5. b3 0-0 6. Bb2 b6 7. Nbd2 Bb7 8. Qe2 Nbd7 9. Ne5 Ne4 10. f3 Qh4+ 11. g3 Nxg3 12. Qf2 Nf5 13. Nxd7 Rfe8 14. Qxh4 Nxh4 15. Ne5 f6 16. Ng4 h5 17. Nf2 Ng2+ 18. Ke2 e5 19. Rag1 Nxe3 20. Nd1 exd4 21. Nxe3 Rxe3+ 22. Kd1 c5 23. Bg6 h4 24. Bh5 Bc6 25. Nf1 Re5 26. Bg6 Be8 27. Bd3 Bh5 28. Nd2 Rae8 29. c3 Re3 30. Kc2 dxc3 31. Bxc3 d4 32. Nc4 Rxd3 33. Bb2 Rxf3 34. Nxd6 Re2+ 35. Kb1 Rff2 36. Bc1 Bf3 37. a4 Bxh1 38. Rxh1 Rf3 39. Rg1 h3 40. Bd2 0-1

[Event "Popayan Yeika op 1st"]
[Site "Popayan"]
[Date "2024.10.14"]
[Round "7"]
[White "Munoz, Julian Andres"]
[Black "Calvache Ramirez, Juan Pablo"]
[Result "1-0"]
[WhiteElo "2068"]
[BlackElo "1593"]
[PlyCount "25"]
[EventDate "2024.10.11"]
[EventType "swiss"]
[EventRounds "7"]
[EventCountry "COL"]
[SourceTitle "CB43_2024"]
[Source "Chessbase"]
[SourceDate "2024.10.23"]
[SourceVersion "1"]
[SourceVersionDate "2024.10.23"]
[SourceQuality "1"]

1. e4 e5 2. f4 Bc5 3. Nf3 d6 4. Bc4 Nc6 5. c3 Na5 6. Bxf7+ Kxf7 7. b4 h6 8. bxc5 Nc6 9. cxd6 cxd6 10. fxe5 Nxe5 11. Nxe5+ dxe5 12. Qh5+ Kf8 13. Ba3+ 1-0

[Event "Medellin Castro Memorial op-A 31st"]
[Site "Medellin"]
[Date "2024.08.07"]
[Round "1"]
[White "Munoz, Julian Andres"]
[Black "Geurts, Harrie Tulio"]
[Result "1-0"]
[WhiteElo "2068"]
[BlackElo "1870"]
[PlyCount "57"]
[EventDate "2024.08.07"]
[EventType "swiss"]
[EventRounds "10"]
[EventCountry "COL"]
[SourceTitle "CBM 221 Extra"]
[Source "ChessBase"]
[SourceDate "2024.09.30"]
[SourceVersion "1"]
[SourceVersionDate "2024.09.30"]
[SourceQuality "1"]

1. d4 d5 2. Nf3 c6 3. e3 Nf6 4. b3 Bf5 5. Bb2 e6 6. Nbd2 Be7 7. Be2 h6 8. 0-0 Nbd7 9. Ne5 0-0 10. Rc1 c5 11. c4 cxd4 12. exd4 Rc8 13. Ndf3 Bd6 14. c5 Bxe5 15. dxe5 Ne4 16. b4 a5 17. a3 axb4 18. axb4 Bg4 19. Nd4 Bxe2 20. Qxe2 Qg5 21. f3 Nexc5 22. bxc5 Nxc5 23. f4 Qh4 24. Ba3 b6 25. Rb1 Rfd8 26. Rxb6 Ne4 27. Nc6 Ra8 28. Be7 Nc3 29. Qf3 1-0

[Event "American Continental Rapid 18th"]
[Site "Medellin"]
[Date "2024.06.01"]
[Round "6"]
[White "Munoz, Julian Andres"]
[Black "Paladines Pinzon, Samuel"]
[Result "1-0"]
[WhiteElo "2073"]
[BlackElo "1821"]
[PlyCount "53"]
[EventDate "2024.06.01"]
[EventType "swiss (rapid)"]
[EventRounds "9"]
[EventCountry "COL"]
[SourceTitle "CBM 220 Extra"]
[Source "ChessBase"]
[SourceDate "2024.07.31"]
[SourceVersion "1"]
[SourceVersionDate "2024.07.31"]
[SourceQuality "1"]

1. d4 Nf6 2. Nf3 e6 3. e3 c5 4. Bd3 d5 5. b3 Nbd7 6. Bb2 Bd6 7. Ne5 Qc7 8. f4 a6 9. Nd2 b5 10. c4 bxc4 11. bxc4 Bb7 12. 0-0 0-0 13. Rc1 Rac8 14. cxd5 exd5 15. Qf3 Qa5 16. Bc3 Qc7 17. Qh3 Bxe5 18. dxe5 Ne4 19. Bxe4 dxe4 20. Nc4 Bd5 21. Nd6 Rb8 22. Nf5 Nb6 23. Qg4 g6 24. Qg5 Qd8 25. Ne7+ Kg7 26. Qf6+ Kh6 27. e6 1-0

[Event "American Continental Rapid 18th"]
[Site "Medellin"]
[Date "2024.06.01"]
[Round "8"]
[White "Munoz, Julian Andres"]
[Black "Villar Reymundo, Juan Antonio"]
[Result "1/2-1/2"]
[WhiteElo "2073"]
[BlackElo "2198"]
[PlyCount "160"]
[EventDate "2024.06.01"]
[EventType "swiss (rapid)"]
[EventRounds "9"]
[EventCountry "COL"]
[SourceTitle "CBM 220 Extra"]
[Source "ChessBase"]
[SourceDate "2024.07.31"]
[SourceVersion "1"]
[SourceVersionDate "2024.07.31"]
[SourceQuality "1"]

1. d4 Nf6 2. Nf3 g6 3. e3 Bg7 4. c4 0-0 5. Nc3 d5 6. b3 c5 7. Bb2 cxd4 8. exd4 Nc6 9. h3 b6 10. Be2 Bb7 11. 0-0 Rc8 12. Rc1 Na5 13. Ne5 dxc4 14. bxc4 Nd7 15. Nxd7 Qxd7 16. Nd5 Bxd5 17. cxd5 Qxd5 18. Qa4 Rfd8 19. Rcd1 Qc6 20. Qa3 e6 21. Rc1 Qe4 22. Bf3 Qf4 23. Qe7 Bf8 24. Qxa7 Nc4 25. Bc3 Bd6 26. Rfd1 Ne3 27. fxe3 Qxe3+ 28. Kh1 Rxc3 29. Rxc3 Qxc3 30. Qxb6 Bc7 31. Qc5 Qa5 32. Qxa5 Bxa5 33. Bc6 Rd6 34. d5 e5 35. Rb1 e4 36. g4 e3 37. Rb8+ Kg7 38. Re8 Bd2 39. Kg2 h6 40. Kf3 f5 41. gxf5 gxf5 42. Re7+ Kf6 43. Rh7 Kg5 44. Rg7+ Kh4 45. a4 Kxh3 46. a5 Bxa5 47. Kxe3 Kh4 48. Kf4 Rf6 49. Rg1 Bc7+ 50. Kf3 f4 51. Rg4+ Kh3 52. Bd7 Kh2 53. Rg2+ Kh1 54. Rg4 Ra6 55. Bc6 Ra3+ 56. Ke4 Re3+ 57. Kf5 f3 58. d6 Bxd6 59. Rh4+ Kg1 60. Rxh6 Bh2 61. Rg6+ Kf1 62. Rh6 Bg1 63. Kf4 Rb3 64. Rh3 Be3+ 65. Kxf3 Bb6+ 66. Kg4 Rb4+ 67. Kf5 Bf2 68. Bd5 Rd4 69. Ke5 Rb4 70. Ke6 Ke2 71. Rb3 Rh4 72. Bf3+ Kd2 73. Rb2+ Ke3 74. Rb3+ Kd2 75. Rb2+ Ke1 76. Rb1+ Kd2 77. Rb2+ Ke3 78. Rb3+ Kf4 79. Rb4+ Kxf3 80. Rxh4 Bxh4 1/2-1/2

[Event "American Continental 18th"]
[Site "Medellin"]
[Date "2024.05.31"]
[Round "10"]
[White "Munoz, Julian Andres"]
[Black "Leal Escamilla, Daniel Zinedine"]
[Result "1-0"]
[WhiteElo "2073"]
[BlackElo "1904"]
[PlyCount "107"]
[EventDate "2024.05.24"]
[EventType "swiss"]
[EventRounds "11"]
[EventCountry "COL"]
[SourceTitle "CBM 220 Extra"]
[Source "ChessBase"]
[SourceDate "2024.07.31"]
[SourceVersion "1"]
[SourceVersionDate "2024.07.31"]
[SourceQuality "1"]

1. e4 c6 2. Nf3 d5 3. d3 Bg4 4. h3 Bxf3 5. gxf3 Nd7 6. d4 e6 7. Nc3 g6 8. Be3 Bg7 9. Qd2 h5 10. 0-0-0 Ne7 11. Rg1 Nb6 12. Nb1 Qd7 13. Bf4 0-0-0 14. Qa5 Bh6 15. Bxh6 Rxh6 16. Qxa7 Kc7 17. Qa3 Qd6 18. Qe3 Rh7 19. b3 Ra8 20. a4 Qb4 21. Qc3 Qxc3 22. Nxc3 Ng8 23. Kb2 Nf6 24. Ra1 Nbd7 25. b4 Ra7 26. Bd3 Rh8 27. Rgb1 b6 28. Ne2 Rha8 29. Nc3 Kc8 30. Kc1 Kd8 31. Kd2 Kc8 32. exd5 Nxd5 33. b5 Nxc3 34. Kxc3 c5 35. Be4 cxd4+ 36. Kb4 Rb8 37. Rd1 e5 38. f4 Nc5 39. Bc6 f6 40. fxe5 fxe5 41. Rg1 Rg7 42. a5 Nb7 43. axb6 Nd8 44. Kc5 Nb7+ 45. Kd5 Nd8 46. Ra7 Rf7 47. Rxg6 Rxb6 48. Rxf7 Nxf7 49. Rg8+ Nd8 50. Kxe5 Kc7 51. Rg7+ Kb8 52. Kd6 Kc8 53. Rg8 Rb8 54. f4 1-0

[Event "American Continental 18th"]
[Site "Medellin"]
[Date "2024.05.27"]
[Round "5"]
[White "Martinez Paipa, Hernan"]
[Black "Munoz, Julian Andres"]
[Result "0-1"]
[WhiteElo "1839"]
[BlackElo "2073"]
[PlyCount "108"]
[EventDate "2024.05.24"]
[EventType "swiss"]
[EventRounds "11"]
[EventCountry "COL"]
[SourceTitle "CBM 220 Extra"]
[Source "ChessBase"]
[SourceDate "2024.07.31"]
[SourceVersion "1"]
[SourceVersionDate "2024.07.31"]
[SourceQuality "1"]

1. e4 c5 2. Nf3 e6 3. d4 cxd4 4. Nxd4 a6 5. Bd3 Bc5 6. Nb3 Be7 7. Nc3 Qc7 8. Be3 d6 9. 0-0 Nf6 10. Nd4 Nbd7 11. f4 b5 12. Qe2 Bb7 13. a3 Rc8 14. Bf2 0-0 15. Rae1 Nc5 16. e5 Nfd7 17. Bxh7+ Kxh7 18. Qh5+ Kg8 19. Re3 f5 20. Rh3 Bf6 21. Qh7+ Kf7 22. Qh5+ Ke7 23. exf6+ Nxf6 24. Qg6 Rf7 25. Re1 Nce4 26. Nxe4 Bxe4 27. Nxf5+ exf5 28. Qxf5 Qxc2 29. Rhe3 d5 30. R1e2 Qc7 31. Rc3 Qd7 32. Qe5+ Kf8 33. Bc5+ Kg8 34. b4 Qg4 35. Rce3 Nd7 36. Qd4 Nxc5 37. bxc5 Qxf4 38. h3 Qf6 39. Qb4 Qa1+ 40. Re1 Qa2 41. R1e2 Qc4 42. Qa5 Rf6 43. Qe1 Qxc5 44. Qh4 Rcf8 45. Kh2 Qd6+ 46. Rg3 Rf2 47. Qg4 R2f7 48. Rf2 g6 49. Rd2 Qe5 50. Kg1 Rf4 51. Qe2 Rf2 52. Qe3 Rxd2 53. Rxg6+ Kf7 54. Rg5 Rd1+ 0-1

[Event "American Continental 18th"]
[Site "Medellin"]
[Date "2024.05.25"]
[Round "2"]
[White "Munoz, Julian Andres"]
[Black "Fier, Alexandr"]
[Result "0-1"]
[WhiteElo "2073"]
[BlackElo "2574"]
[PlyCount "64"]
[EventDate "2024.05.24"]
[EventType "swiss"]
[EventRounds "11"]
[EventCountry "COL"]
[SourceTitle "CBM 220 Extra"]
[Source "ChessBase"]
[SourceDate "2024.07.31"]
[SourceVersion "1"]
[SourceVersionDate "2024.07.31"]
[SourceQuality "1"]

1. e4 c5 2. Nf3 d6 3. d4 cxd4 4. Nxd4 Nf6 5. Nc3 a6 6. Bc4 e6 7. 0-0 Be7 8. Bb3 0-0 9. f4 b5 10. e5 dxe5 11. fxe5 Nfd7 12. Qh5 Nc6 13. Nxc6 Qb6+ 14. Be3 Qxc6 15. Rf3 Bb7 16. Rg3 g6 17. Qh6 Rfe8 18. Rf1 Bf8 19. Qg5 Bg7 20. Bd4 b4 21. Na4 a5 22. Qe3 Ba6 23. c4 Rac8 24. Qf2 Rf8 25. Rf3 Bxc4 26. Bxc4 Qxc4 27. Rxf7 Qxf1+ 28. Qxf1 Rxf7 29. Qd1 Bh6 30. Nc3 bxc3 31. bxc3 Rcf8 32. a4 Nxe5 0-1

[Event "COL-chT"]
[Site "Risaralda"]
[Date "2023.11.21"]
[Round "4.3"]
[White "Rodriguez Velasco, German Enrique"]
[Black "Munoz, Julian Andres"]
[Result "1/2-1/2"]
[WhiteElo "1986"]
[BlackElo "2113"]
[PlyCount "130"]
[EventDate "2023.11.19"]
[EventType "team-swiss"]
[EventRounds "7"]
[EventCountry "COL"]
[SourceTitle "CBM 217 Extra"]
[Source "ChessBase"]
[SourceDate "2024.01.31"]
[SourceVersion "1"]
[SourceVersionDate "2024.01.31"]
[SourceQuality "1"]
[WhiteTeam "Boyaca"]
[BlackTeam "Cauca"]
[WhiteTeamCountry "COL"]
[BlackTeamCountry "COL"]

1. Nf3 Nf6 2. g3 b6 3. Bg2 Bb7 4. c4 e6 5. 0-0 Be7 6. d4 0-0 7. Nc3 d5 8. cxd5 Nxd5 9. Qc2 Nb4 10. Qb1 Nd7 11. Ng5 Bxg5 12. Bxb7 Rb8 13. Bg2 Bxc1 14. Qxc1 Nf6 15. Rd1 Nbd5 16. e4 Nxc3 17. bxc3 Qe7 18. a4 Rfd8 19. a5 b5 20. Qe3 a6 21. h3 Rbc8 22. g4 h6 23. c4 bxc4 24. Qc3 c5 25. d5 exd5 26. exd5 Qe2 27. Rd2 Ne4 28. Qxg7+ Kxg7 29. Rxe2 Nd6 30. Re7 Nb5 31. Bf1 c3 32. Rc1 c4 33. Re4 Rxd5 34. Bxc4 Rdc5 35. Bf1 Rd8 36. Rc4 Rxc4 37. Bxc4 Rc8 38. Bd3 Kf6 39. f4 Ke7 40. Kf2 Kd6 41. h4 Kd5 42. g5 Kd4 43. Bh7 hxg5 44. hxg5 Kc4 45. f5 Nd4 46. f6 Rc5 47. Bg8 Rxg5 48. Bxf7+ Kb4 49. Ke3 Nb5 50. Kf4 Rg2 51. Be8 Rf2+ 52. Kg5 Nd6 53. Bg6 Rg2+ 54. Kh6 Rh2+ 55. Kg7 Kb3 56. f7 Nxf7 57. Kxf7 Ra2 58. Bd3 Rxa5 59. Rb1+ Ka2 60. Rb6 Ra4 61. Ke6 a5 62. Rb5 Rb4 63. Rxa5+ Kb2 64. Rc5 Rd4 65. Bf5 Rd2 1/2-1/2

[Event "Liga Vallecaucana"]
[Site "Cali"]
[Date "2022.04.02"]
[Round "7.1"]
[White "Vanegas, Jhonny"]
[Black "Munoz, Julian Andres"]
[Result "1/2-1/2"]
[WhiteElo "2151"]
[BlackElo "2110"]
[PlyCount "33"]
[EventDate "2022.03.30"]
[EventType "schev"]
[EventRounds "7"]
[EventCountry "COL"]
[SourceTitle "EXT 2023"]
[Source "ChessBase"]
[SourceDate "2022.10.05"]
[SourceVersion "1"]
[SourceVersionDate "2022.10.05"]
[SourceQuality "1"]
[WhiteTeam "Equipo A"]
[BlackTeam "Equipo B"]
[WhiteTeamCountry "COL"]
[BlackTeamCountry "COL"]

1. Nf3 Nf6 2. c4 c6 3. Nc3 d5 4. e3 e6 5. Be2 Bd6 6. 0-0 Nbd7 7. b3 0-0 8. d4 Ne4 9. Nxe4 dxe4 10. Nd2 f5 11. f4 exf3 12. Nxf3 e5 13. c5 Bc7 14. Bc4+ Kh8 15. e4 exd4 16. Bg5 Qe8 17. exf5 1/2-1/2

[Event "Feria de las Flores 28th"]
[Site "Medellin"]
[Date "2021.08.06"]
[Round "5"]
[White "Munoz, Julian Andres"]
[Black "Chavez Duero, Brayan Steven"]
[Result "1-0"]
[WhiteElo "2154"]
[BlackElo "2026"]
[PlyCount "87"]
[EventDate "2021.08.04"]
[EventType "swiss"]
[EventRounds "9"]
[EventCountry "COL"]
[SourceTitle "EXT 2022"]
[Source "ChessBase"]
[SourceDate "2021.10.06"]
[SourceVersion "1"]
[SourceVersionDate "2021.10.06"]
[SourceQuality "1"]

1. d4 Nf6 2. Nf3 b6 3. Bg5 e6 4. e4 h6 5. Bxf6 Qxf6 6. Nc3 Bb7 7. Qd2 Bb4 8. Bd3 c5 9. e5 Qe7 10. a3 Ba5 11. dxc5 bxc5 12. Qf4 0-0 13. 0-0 f6 14. Ne4 fxe5 15. Qxe5 d5 16. Nxc5 Qxc5 17. Qxe6+ Rf7 18. b4 Qc6 19. Qxc6 Nxc6 20. bxa5 Nxa5 21. Ne5 Rc7 22. Rab1 Rc3 23. a4 Bc6 24. Rb4 Ra3 25. Rfb1 g5 26. h4 Re8 27. Nxc6 Nxc6 28. Rb7 Re6 29. Rc7 Rxa4 30. Bf5 Rf6 31. Bd7 Rb4 32. Re1 Nd4 33. c3 Rb2 34. cxd4 Rfxf2 35. Be6+ Kf8 36. Bxd5 gxh4 37. Rxa7 Rbe2 38. Rb1 Rb2 39. Rxb2 Rxb2 40. Be6 Re2 41. d5 Ke8 42. Kh2 Kd8 43. Kh3 Re4 44. Rh7 1-0

[Event "Mosquera op"]
[Site "Mosquera"]
[Date "2014.11.03"]
[Round "9"]
[White "Munoz, Julian Andres"]
[Black "Bermudez Barrera, Eduardo"]
[Result "1-0"]
[WhiteElo "2186"]
[BlackElo "2031"]
[PlyCount "57"]
[EventDate "2014.10.30"]
[EventType "swiss"]
[EventRounds "9"]
[EventCountry "COL"]
[SourceTitle "EXT 2015"]
[Source "ChessBase"]
[SourceDate "2014.11.20"]
[SourceVersion "1"]
[SourceVersionDate "2014.11.20"]
[SourceQuality "1"]

1. e4 Nf6 2. e5 Nd5 3. Nc3 Nb6 4. f4 d6 5. d4 dxe5 6. fxe5 Bf5 7. Nf3 e6 8. Bd3 Bg4 9. Be3 Be7 10. 0-0 a5 11. Qe1 Bh5 12. a3 Na6 13. Ne4 a4 14. c3 Bg6 15. Rd1 Qd5 16. Nfd2 0-0-0 17. Bxa6 bxa6 18. Bg5 Bxg5 19. Nxg5 Rd7 20. Nge4 Qb5 21. Nc5 Re7 22. b3 a5 23. Rc1 axb3 24. c4 Qc6 25. Ndxb3 a4 26. Na5 Qa8 27. Qb4 Be4 28. Nxe4 Qxe4 29. Qxe7 1-0

[Event "Mosquera op"]
[Site "Mosquera"]
[Date "2014.11.01"]
[Round "4"]
[White "Tovio, Israel"]
[Black "Munoz, Julian Andres"]
[Result "1-0"]
[WhiteElo "2285"]
[BlackElo "2186"]
[PlyCount "87"]
[EventDate "2014.10.30"]
[EventType "swiss"]
[EventRounds "9"]
[EventCountry "COL"]
[SourceTitle "EXT 2015"]
[Source "ChessBase"]
[SourceDate "2014.11.20"]
[SourceVersion "1"]
[SourceVersionDate "2014.11.20"]
[SourceQuality "1"]

1. e4 c5 2. Nf3 Nc6 3. Bb5 g6 4. Bxc6 dxc6 5. h3 Bg7 6. d3 Nf6 7. Nc3 0-0 8. Bf4 Re8 9. 0-0 b6 10. a4 a5 11. Ne5 Bb7 12. Nc4 Nd7 13. e5 Nf8 14. Qd2 Ne6 15. Bh6 Nd4 16. Bxg7 Kxg7 17. Ne4 Ba6 18. Ne3 f5 19. exf6+ exf6 20. Ng4 Rxe4 21. Qh6+ Kg8 22. dxe4 Bxf1 23. Rxf1 Nxc2 24. h4 Qe7 25. h5 Qg7 26. Qf4 Nd4 27. Nxf6+ Kh8 28. Re1 g5 29. Qd6 g4 30. Qf4 Ne6 31. Qe5 Nd4 32. Nxg4 Qxe5 33. Nxe5 Re8 34. Nd7 Re7 35. Nxb6 Rb7 36. Nc4 Rb4 37. Nxa5 Rxa4 38. Nb7 Ne6 39. Rc1 c4 40. Nd6 Nf4 41. Rxc4 Rxc4 42. Nxc4 Nxh5 43. Na5 Nf6 44. e5 1-0